[Event "Nouakchott zt 4.1"]
[Site "Nouakchott"]
[Date "2013.04.02"]
[Round "6"]
[White "Abbes, Ali"]
[Black "Elarbi, Abobker"]
[Result "1/2-1/2"]
[WhiteElo "2209"]
[BlackElo "2286"]
[PlyCount "34"]
[EventDate "2013.03.29"]
[EventType "swiss"]
[EventRounds "9"]
[EventCountry "MAU"]
[SourceTitle "EXT 2015"]
[Source "ChessBase"]
[SourceDate "2014.11.20"]
[SourceVersion "1"]
[SourceVersionDate "2014.11.20"]
[SourceQuality "1"]

1. e4 e5 2. Bc4 Nf6 3. d3 c6 4. Nf3 d6 5. 0-0 Be7 6. Ng5 d5 7. exd5 cxd5 8. Bb5+ Nc6 9. Qe1 Bd6 10. Bxc6+ bxc6 11. f4 Qe7 12. fxe5 Bxe5 13. Nf3 Nd7 14. Nxe5 Nxe5 15. b3 f6 16. d4 Ng6 17. Qc3 Qe4 1/2-1/2

[Event "Nouakchott zt 4.1"]
[Site "Nouakchott"]
[Date "2013.03.31"]
[Round "4"]
[White "Elarbi, Abobker"]
[Black "Nafri, Khalil"]
[Result "1/2-1/2"]
[WhiteElo "2286"]
[BlackElo "2157"]
[PlyCount "82"]
[EventDate "2013.03.29"]
[EventType "swiss"]
[EventRounds "9"]
[EventCountry "MAU"]
[SourceTitle "EXT 2015"]
[Source "ChessBase"]
[SourceDate "2014.11.20"]
[SourceVersion "1"]
[SourceVersionDate "2014.11.20"]
[SourceQuality "1"]

1. Nf3 Nf6 2. c4 g6 3. g3 Bg7 4. Bg2 0-0 5. 0-0 d6 6. d4 Nc6 7. Nc3 a6 8. d5 Na5 9. Qd3 c5 10. Rb1 b5 11. cxb5 c4 12. Qd1 Bf5 13. Ra1 axb5 14. Nxb5 Nb3 15. axb3 Rxa1 16. bxc4 Qc8 17. b3 Ne4 18. Nfd4 Nc5 19. Re1 Bh6 20. f4 Bg7 21. e4 Bh3 22. Nc6 Re8 23. b4 Bxg2 24. bxc5 Bh3 25. Qe2 Bd7 26. Nba7 Qa8 27. Be3 Rxe1+ 28. Qxe1 Bxc6 29. Nxc6 Qa3 30. e5 Qd3 31. Bf2 dxe5 32. Nxe5 Bxe5 33. Qxe5 Qxc4 34. d6 Qa4 35. dxe7 Qd1+ 36. Kg2 Qd7 37. Bd4 Qc6+ 38. Kf2 f6 39. Qd6 Qa4 40. Bxf6 Ra8 41. Bb2 Rc8 1/2-1/2

[Event "Nouakchott zt 4.1"]
[Site "Nouakchott"]
[Date "2013.03.30"]
[Round "2"]
[White "Elarbi, Abobker"]
[Black "Choukri, Adel"]
[Result "1/2-1/2"]
[WhiteElo "2286"]
[BlackElo "2144"]
[PlyCount "118"]
[EventDate "2013.03.29"]
[EventType "swiss"]
[EventRounds "9"]
[EventCountry "MAU"]
[SourceTitle "EXT 2015"]
[Source "ChessBase"]
[SourceDate "2014.11.20"]
[SourceVersion "1"]
[SourceVersionDate "2014.11.20"]
[SourceQuality "1"]

1. Nf3 Nf6 2. d4 e6 3. g3 b6 4. Bg2 Bb7 5. Bg5 Bb4+ 6. c3 Be7 7. 0-0 0-0 8. Nbd2 h6 9. Bxf6 Bxf6 10. e4 d6 11. Qc2 Nd7 12. Rfe1 e5 13. dxe5 dxe5 14. Nc4 g6 15. Rad1 Qe7 16. Ne3 Rad8 17. Nd5 Bxd5 18. exd5 Bg7 19. Nd4 Nb8 20. Qa4 a6 21. c4 Qc5 22. Nb3 Qd6 23. Rc1 Nd7 24. a3 Ra8 25. Nd2 f5 26. f3 e4 27. fxe4 Bxb2 28. Rb1 Bd4+ 29. Kh1 Ne5 30. exf5 gxf5 31. Nf3 Nxf3 32. Bxf3 Be5 33. Re2 b5 34. Qb3 bxc4 35. Qxc4 Rae8 36. Rbe1 Re7 37. Kg2 Rb8 38. Qd3 Qf6 39. d6 cxd6 40. Qxa6 f4 41. g4 Kg7 42. Qc4 Ra7 43. a4 Qd8 44. Rd1 Qc7 45. Qxc7+ Rxc7 46. a5 Rb3 47. Ra2 Rcc3 48. Bd5 Ra3 49. Rdd2 f3+ 50. Kf1 Rxa2 51. Bxa2 Ra3 52. Bd5 Ra1+ 53. Kf2 Rxa5 54. h4 Bf6 55. h5 Bg5 56. Rd3 Kf6 57. Rxf3+ Ke5 58. Rf5+ Kd4 59. Bf3 Rxf5 1/2-1/2